000 00587nam a2200181 a 4500
003 OSt
005 20210105093046.0
008 190814s1994 000 spa d
040 _aDO-SdBNP
_bspa
_cBNPHU
082 _bC
100 _aCruz, Juan José de la
_937674
245 0 _a¿Por que la vida humana es un problema? /
_cJuan Jose de la Cruz Benzan
260 _aSantiago, República Dominicana :
_c1994.
_bUniversidad Tècnologica de Santiago, UTESA
300 _a176 p. :
_bil.
_c21 cm
590 _aInventariado, 2021 / DG
910 _aInventariado, 2012 / DG
942 _2ddc
_cLBS1
999 _c48790
_d48790